İçeriği atla
Hesabım
Çıkış
Giriş
Dil
English
Deutsch
Español
Français
Italiano
日本語
Nederlands
Português
Português (Brasil)
中文(简体)
中文(繁體)
Türkçe
עברית
Gaeilge
Cymraeg
Ελληνικά
Català
Euskara
Русский
Čeština
Suomi
Svenska
polski
Dansk
slovenščina
اللغة العربية
বাংলা
Galego
Tiếng Việt
Hrvatski
हिंदी
Tüm Alanlar
Materyal Adı
Yazar
Konu
Yer Numarası
ISBN/ISSN
Etiket
Ara
Gelişmiş
United States-Japan trade
MARC Görünümü
Alıntıla
E-posta Gönder
Yazdır
Kaydı İhraç Et
İhraç Et RefWorks
İhraç Et EndNoteWeb
İhraç Et EndNote
İhraç Et MARC
İhraç Et MARCXML
İhraç Et RDF
İhraç Et BibTeX
İhraç Et RIS
Favorilerime ekle
United States-Japan trade
Kaydedildi:
Detaylı Bibliyografya
Materyal Türü:
Kitap
Dil:
Undetermined
Baskı/Yayın Bilgisi:
Tokyo
Konular:
Japan
Commerce
Etiketler:
Etiketle
Etiket eklenmemiş, İlk siz ekleyin!
Thư viện lưu trữ:
Trung tâm Học liệu Trường Đại học Cần Thơ
Erişim Bilgileri
Diğer Bilgiler
Yorumlar
Benzer Materyaller
MARC Görünümü
LEADER
00361nam a2200145Ia 4500
001
CTU_97342
008
210402s9999 xx 000 0 und d
082
|a
382
082
|b
U58
245
0
|a
United States-Japan trade
260
|a
Tokyo
650
|a
Japan
650
|x
Commerce
904
|i
Tuyến
980
|a
Trung tâm Học liệu Trường Đại học Cần Thơ
Benzer Materyaller
United States-Japan trade
Baskı/Yayın Bilgisi: (1987)
United States-Japan trade
Baskı/Yayın Bilgisi: (1979)
United States-Japan trade :
Baskı/Yayın Bilgisi: (1979)
Japan and the United States in world trade
Yazar:: Hunsberger, Warren S.
Baskı/Yayın Bilgisi: (1964)
United states- Japan trade
Baskı/Yayın Bilgisi: (1979)
Yüklüyor......